000 00430nam a22001697a 4500
005 20160523125732.0
008 160523b xxu||||| |||| 00| 0 eng d
020 _a81-7446-188-4
041 _aeng
082 _b4300
100 _aArora, Ashok & Bhatia Akshaya
_91064
245 _aManagement Information Systems
260 _aNew Delhi
_bAcademic Faundation
_c2001
300 _a480
650 _aManagement
_9241
942 _cBK
999 _c1450
_d1450